[Event "POLFINALY MISTRZOSTW POLSKI JUNIOROW 2021 C-15"]
[Site "Jatrzebia Gora"]
[Date "1899-12-30"]
[Round "6.2"]
[White "Wydmanski, Szymon"]
[Black "Wieckowski, Michal"]
[Result "1-0"]
[WhiteTitle "I"]
[BlackTitle "I"]
[WhiteElo "1735"]
[BlackElo "1698"]

1. e4 c5 2. Nf3 Nc6 3. d4 cxd4 4. Nxd4 Nf6 5. Nc3 e5 6. Ndb5 d6 7. a4 a6 8. Na3
Bg4 9. f3 Be6 10. Bg5 Rc8 11. Nc4 Nd4 12. Ne3 Qa5 13. Bd3 Be7 14. O-O O-O 15.
Qe1 h6 16. Ncd5 Qd8 17. Nxe7+ Qxe7 18. Bh4 g5 19. Bg3 Nh5 20. c3 Nb3 21. Rd1 Nf4
22. Bxf4 gxf4 23. Nf5 Bxf5 24. exf5 Nc5 25. Bc2 Rfd8 26. Qd2 b6 27. Rfe1 Rc7 28.
g3 f6 29. gxf4 Kh7 30. fxe5 Rg8+ 31. Kh1 dxe5 32. b4 Nb7 33. Rg1 Rg5 34. Rxg5
hxg5 35. Qxg5 fxg5 36. f6+ Kh6 37. fxe7 Rxe7 38. Be4 Kh5 39. h3 a5 40. Kg2 Rc7
41. Kg3 1-0

[Event "POLFINALY MISTRZOSTW POLSKI JUNIOROW 2021 C-15"]
[Site "Jatrzebia Gora"]
[Date "1899-12-30"]
[Round "6.3"]
[White "Kotowicz, Kamil"]
[Black "Kusiak, Mateusz"]
[Result "1-0"]
[WhiteTitle "I"]
[BlackTitle "I+"]
[WhiteElo "1765"]
[BlackElo "1755"]

1. d4 Nf6 2. c4 c5 3. d5 e6 4. Nc3 exd5 5. cxd5 d6 6. e4 g6 7. f4 Bg7 8. Bb5+ Nfd7
9. a4 O-O 10. Nf3 a6 11. Be2 Re8 12. O-O Bxc3 13. bxc3 Rxe4 14. Bd3 Re8 15. f5
Ne5 16. fxg6 hxg6 17. Bg5 Qc7 18. Nxe5 dxe5 19. Bc4 Qd6 20. Rf6 Qf8 21. d6 Be6
22. Bxe6 Rxe6 23. Rxe6 fxe6 24. Be7 Qf7 25. Qb3 Nc6 26. Rf1 Na5 27. Qb6 Nc4 28.
Qxb7 Qe8 29. d7 1-0

[Event "POLFINALY MISTRZOSTW POLSKI JUNIOROW 2021 C-15"]
[Site "Jatrzebia Gora"]
[Date "1899-12-30"]
[Round "6.4"]
[White "Demski, Michal"]
[Black "Wesolek, Krzysztof"]
[Result "1/2-1/2"]
[WhiteTitle "I+"]
[BlackTitle "I"]
[WhiteElo "1756"]
[BlackElo "1570"]

1. e4 e5 2. Nf3 Nf6 3. Nxe5 d6 4. Nf3 Nxe4 5. Nc3 Nxc3 6. dxc3 Nc6 7. Be3 Be7 8.
Qd2 Be6 9. Nd4 Nxd4 10. cxd4 d5 11. Bd3 Qd7 12. Qa5 O-O 13. O-O Bd6 14. Rfe1 Rfe8
15. Qd2 Bf5 16. Rad1 Bxd3 17. Qxd3 Re6 18. Qe2 Rae8 19. Qd3 Qe7 20. g3 h5 21.
Qf5 h4 22. Bd2 c6 23. Rxe6 Qxe6 24. Qxe6 Rxe6 25. Re1 Rxe1+ 26. Bxe1 hxg3 27.
hxg3 f5 28. f4 Kf7 29. Kf2 Ke6 30. Ke3 Be7 31. Bd2 1/2-1/2

[Event "POLFINALY MISTRZOSTW POLSKI JUNIOROW 2021 C-15"]
[Site "Jatrzebia Gora"]
[Date "1899-12-30"]
[Round "6.5"]
[White "Pisarek, Jan"]
[Black "Kubik, Rafal"]
[Result "1-0"]
[WhiteTitle "I"]
[BlackTitle "I+"]
[WhiteElo "1583"]
[BlackElo "1718"]

1. e4 e5 2. Nf3 Nc6 3. Bc4 Bc5 4. c3 Nf6 5. d4 exd4 6. e5 d5 7. Be2 Ne4 8. cxd4
Bb6 9. O-O O-O 10. Nc3 Be6 11. Be3 f6 12. exf6 Qxf6 13. Rc1 Rae8 14. Na4 Bg4 15.
Nxb6 axb6 16. h3 Bh5 17. Qd3 Qd6 18. Rfe1 Ra8 19. a3 Nd8 20. Nd2 Bxe2 21. Rxe2
Nxd2 22. Bxd2 c5 23. Rce1 c4 24. Qe3 Nc6 25. Bc3 Rf7 26. Qe6 Qxe6 27. Rxe6 Raf8
28. R1e2 Rf4 29. Rd6 Nxd4 30. Bxd4 Rxd4 31. Rxb6 Rd1+ 32. Kh2 d4 33. Rxb7 d3 34.
Ree7 Rxf2 35. Rxg7+ Kf8 36. Rxh7 Kg8 37. Rbg7+ Kf8 38. Rc7 Kg8 39. Rhd7 Rc1 40.
Rd8+ Rf8 41. Rxd3 1-0

[Event "POLFINALY MISTRZOSTW POLSKI JUNIOROW 2021 C-15"]
[Site "Jatrzebia Gora"]
[Date "1899-12-30"]
[Round "6.6"]
[White "Miler, Franciszek"]
[Black "Racis, Michal"]
[Result "1/2-1/2"]
[WhiteTitle "I"]
[BlackTitle "I"]
[WhiteElo "1479"]
[BlackElo "1820"]

1. e4 c5 2. Nf3 d6 3. d4 cxd4 4. Qxd4 Nc6 5. Bb5 Bd7 6. Bxc6 bxc6 7. c4 e5 8. Qd3
Nf6 9. Nc3 Qc7 10. Bg5 Nh5 11. Rd1 h6 12. Be3 Be7 13. O-O g5 14. c5 dxc5 15. Nxe5
Be6 16. Nc4 Rd8 17. Qe2 Rxd1 18. Rxd1 Nf4 19. Bxf4 Qxf4 20. g3 Qc7 21. Ne3 O-O
22. Nf5 Bxf5 23. exf5 Bf6 24. Ne4 Bd4 25. Qh5 Qe5 26. Qxh6 Qxe4 27. Qxg5+ Kh7
28. Qh5+ Kg8 29. Qg5+ Kh7 30. Qh5+ Kg8 31. Qg5+ Kh7 32. Qh5+ 1/2-1/2

[Event "POLFINALY MISTRZOSTW POLSKI JUNIOROW 2021 C-15"]
[Site "Jatrzebia Gora"]
[Date "1899-12-30"]
[Round "6.7"]
[White "Gbiorczyk, Mikolaj"]
[Black "Trzebinski, Patryk"]
[Result "0-1"]
[WhiteTitle "II"]
[BlackTitle "I+"]
[WhiteElo "1487"]
[BlackElo "1767"]

1. e4 d5 2. exd5 Nf6 3. Bb5+ Bd7 4. Be2 Nxd5 5. d4 Bf5 6. Nf3 e6 7. O-O Be7 8.
a3 a5 9. c4 Nb6 10. Nc3 Nc6 11. Be3 O-O 12. Rc1 Bf6 13. h3 h6 14. b3 Qe7 15. Nb5
Rfd8 16. Bd3 Bxd3 17. Qxd3 Rd7 18. Qe4 Rad8 19. Rfd1 Nc8 20. Qg4 Kh8 21. c5 Qf8
22. Qg3 N8e7 23. Nxc7 Nf5 24. Qh2 Bxd4 25. Bxd4 Nfxd4 26. Nxd4 Nxd4 0-1

[Event "POLFINALY MISTRZOSTW POLSKI JUNIOROW 2021 C-15"]
[Site "Jatrzebia Gora"]
[Date "1899-12-30"]
[Round "6.8"]
[White "Goral, Jan"]
[Black "Bem, Tymoteusz"]
[Result "1-0"]
[WhiteTitle "I"]
[BlackTitle "II"]
[WhiteElo "1672"]
[BlackElo "1262"]

1. Nf3 c6 2. c4 Nf6 3. Nc3 d5 4. e3 e6 5. b3 Nbd7 6. Bb2 Bd6 7. Qc2 e5 8. cxd5
cxd5 9. Nb5 Bb8 10. Rc1 O-O 11. Nc7 Bxc7 12. Qxc7 Qxc7 13. Rxc7 e4 14. Nd4 Ne8
15. Rc2 Nef6 16. Be2 Ne5 17. Nb5 Ned7 18. Ba3 Rd8 19. Nc7 Rb8 20. Be7 Re8 21.
Nxe8 Nxe8 22. O-O b6 23. Rfc1 Bb7 24. Ba3 Ne5 25. Bb2 f6 26. Bxe5 fxe5 27. Bb5
Nd6 28. Bc6 Kf7 29. Bxb7 Rxb7 30. Rc7+ Kf6 31. Rxb7 Nxb7 32. Rc6+ Kf5 33. Rc7
Nc5 34. Rxg7 a6 35. Rxh7 d4 36. Rh5+ Ke6 37. Rh6+ Kd5 38. Rxb6 Nd3 39. Rxa6 Kc5
40. h4 Kb4 41. h5 Nc5 42. Ra8 Nxb3 1-0

[Event "POLFINALY MISTRZOSTW POLSKI JUNIOROW 2021 C-15"]
[Site "Jatrzebia Gora"]
[Date "1899-12-30"]
[Round "6.9"]
[White "Rzenca, Jerzy"]
[Black "Dembicki, Karol"]
[Result "1-0"]
[WhiteTitle "I"]
[BlackTitle "II"]
[WhiteElo "1568"]
[BlackElo "1380"]

1. e4 c5 2. Nc3 e6 3. f4 Be7 4. Nf3 a6 5. g3 b5 6. Bg2 Bb7 7. d3 d6 8. O-O Nf6
9. Nh4 d5 10. f5 d4 11. Ne2 Qc7 12. fxe6 fxe6 13. Nf4 Qb6 14. Nh5 O-O 15. Bg5
Nbd7 16. Nxf6+ Bxf6 17. Qh5 Bxg5 18. Qxg5 Rf6 19. Rxf6 Nxf6 20. Rf1 Rf8 21. Bh3
Bc8 22. Ng2 Qc7 23. Nf4 e5 24. Bxc8 exf4 25. Be6+ Kh8 26. Rxf4 c4 27. e5 h6 28.
Qf5 Nd7 29. Qe4 Rxf4 30. gxf4 Nc5 31. Qa8+ Kh7 32. Qg8+ Kg6 33. Qe8+ 1-0

[Event "POLFINALY MISTRZOSTW POLSKI JUNIOROW 2021 C-15"]
[Site "Jatrzebia Gora"]
[Date "1899-12-30"]
[Round "6.10"]
[White "Czak, Dominik"]
[Black "Jendrowiak, Maciej"]
[Result "0-1"]
[WhiteTitle "II"]
[BlackTitle "II+"]
[WhiteElo "1456"]
[BlackElo "1493"]

1. d4 d5 2. c4 e6 3. Nc3 c5 4. e3 Nc6 5. Nf3 Nf6 6. cxd5 exd5 7. Bb5 Bg4 8. Qa4
Bd7 9. Ne5 Qc7 10. Nxd7 Qxd7 11. Ne2 Bd6 12. dxc5 Bxc5 13. Nd4 Bxd4 14. exd4 O-O
15. O-O Rfe8 16. Bf4 Qg4 17. Bg3 Re6 18. Bxc6 Rxc6 19. Rac1 Ra6 20. Qb4 Rb6 21.
Qa4 Rxb2 22. Rfe1 a5 23. f3 b5 24. Qd1 Qf5 25. Re5 Qg6 26. a4 h5 27. axb5 Rxb5
28. Bh4 a4 29. Ra1 a3 30. Bxf6 gxf6 31. Re2 a2 32. Rc2 Rab8 33. Raxa2 Rb1 34.
Rc1 Rxc1 35. Qxc1 Rb1 36. Ra1 Rxc1+ 0-1

[Event "POLFINALY MISTRZOSTW POLSKI JUNIOROW 2021 C-15"]
[Site "Jatrzebia Gora"]
[Date "1899-12-30"]
[Round "6.11"]
[White "Cieply, Krzysztof"]
[Black "Daszkiewicz, Adrian"]
[Result "1-0"]
[WhiteTitle "I"]
[BlackTitle "I"]
[WhiteElo "1487"]
[BlackElo "1564"]

1. e4 c5 2. Nc3 d6 3. f4 g6 4. Nf3 Bg7 5. Bb5+ Bd7 6. O-O Bxb5 7. Nxb5 Nc6 8. d3
Nf6 9. Nc3 O-O 10. Qe1 e5 11. f5 d5 12. Bg5 dxe4 13. Nxe4 Nd4 14. Nxf6+ Bxf6 15.
Bxf6 Qxf6 16. Nxd4 exd4 17. fxg6 Qxg6 18. Rf3 Qe6 19. Qh4 f5 20. Rh3 Rf7 21. Re1
Qd6 22. Rg3+ Kh8 23. Qg5 Raf8 24. Rf3 Rg7 25. Qf4 Qxf4 26. Rxf4 Rff7 27. Re5 b6
28. Rfxf5 Rxf5 29. Rxf5 Re7 30. Kf2 Kg7 31. a4 Rc7 32. b3 Rc6 33. Re5 Rc7 34.
g4 Rf7+ 35. Kg2 Kf6 36. Rf5+ Ke6 37. Rxf7 Kxf7 38. Kf3 Kf6 39. Kf4 h6 40. h4 Ke6
41. g5 hxg5+ 42. hxg5 Kf7 43. Kf5 Kg7 44. g6 Kf8 45. Kf6 1-0

[Event "POLFINALY MISTRZOSTW POLSKI JUNIOROW 2021 C-15"]
[Site "Jatrzebia Gora"]
[Date "1899-12-30"]
[Round "6.12"]
[White "Szymkiewicz, Witold"]
[Black "Rumniak, Aleksy"]
[Result "1-0"]
[WhiteTitle "I"]
[BlackTitle "II"]
[WhiteElo "1552"]
[BlackElo "1204"]

1. e4 c5 2. Nf3 g6 3. Nc3 Bg7 4. d4 cxd4 5. Nxd4 Nc6 6. Be3 Nf6 7. Be2 O-O 8. Qd2
d5 9. Nxc6 bxc6 10. e5 Nd7 11. f4 e6 12. h4 c5 13. Bf2 d4 14. Ne4 Bb7 15. Bf3
Rb8 16. Rb1 Bd5 17. b3 Bxe4 18. Bxe4 Nb6 19. O-O h5 20. c3 dxc3 21. Qxc3 c4 22.
bxc4 Qc7 23. Rfc1 Rfc8 24. Qa5 Bf8 25. c5 Nd5 26. Qxc7 Nxc7 27. Rxb8 Rxb8 28.
c6 a6 29. Rb1 Rxb1+ 30. Bxb1 Be7 31. Bb6 Nd5 32. Ba5 1-0

[Event "POLFINALY MISTRZOSTW POLSKI JUNIOROW 2021 C-15"]
[Site "Jatrzebia Gora"]
[Date "1899-12-30"]
[Round "6.13"]
[White "Halhoul, Adam"]
[Black "Zyto, Karol"]
[Result "1/2-1/2"]
[WhiteTitle "I"]
[BlackTitle "II"]
[WhiteElo "1777"]
[BlackElo "1472"]

1. d4 e6 2. c4 d5 3. Nc3 f5 4. Bf4 c6 5. Nf3 Nf6 6. e3 Bd6 7. Bd3 O-O 8. O-O b6
9. Ne2 Bb7 10. Rc1 Ne4 11. a3 c5 12. Bxe4 fxe4 13. Ne5 Qe7 14. Qd2 Nd7 15. Nxd7
Qxd7 16. Bxd6 Qxd6 17. b4 Rac8 18. Rfd1 cxb4 19. axb4 dxc4 20. Qa2 Bd5 21. b5
Rc7 22. Nc3 Rf6 23. Qc2 Rf8 24. Nxe4 Bxe4 25. Qxe4 Qd5 26. Qb1 Qf5 27. Rc2 Rfc8
28. f3 Qd5 29. Rc3 Qb7 30. Qa2 Qd5 31. Qb2 Qb7 32. Qa2 Qd5 1/2-1/2

[Event "POLFINALY MISTRZOSTW POLSKI JUNIOROW 2021 C-15"]
[Site "Jatrzebia Gora"]
[Date "1899-12-30"]
[Round "6.14"]
[White "Chmura, Eryk"]
[Black "Nowak, Filip"]
[Result "0-1"]
[WhiteTitle "II"]
[BlackTitle "I"]
[WhiteElo "1343"]
[BlackElo "1757"]

1. e4 c5 2. c3 Nf6 3. e5 Nd5 4. d4 cxd4 5. cxd4 d6 6. Nf3 Nc6 7. Bc4 Nb6 8. Bb5
dxe5 9. Nxe5 Bd7 10. Nxd7 Qxd7 11. Be3 e6 12. Nc3 Be7 13. Qd2 a6 14. Be2 O-O 15.
O-O Nb4 16. Bf3 N4d5 17. Nxd5 Nxd5 18. Rac1 Rfd8 19. Rfd1 Qb5 20. a3 Rd7 21. Rc2
Rad8 22. Rdc1 Qb6 23. Rc8 Rxc8 24. Rxc8+ Rd8 25. Rxd8+ Qxd8 26. Bxd5 Qxd5 27.
Qc3 h6 28. h3 f6 29. Qc2 Kf7 30. Qc3 Bd8 31. Qc2 Bb6 32. Qc3 Qc6 33. Qd3 Qb5 34.
Qc2 Qf5 35. Qc8 Qd5 36. Qc3 Qe4 37. Qc8 Qc6 38. Qxc6 bxc6 39. d5 Bxe3 40. dxe6+
Kxe6 41. fxe3 Kd5 42. Kf2 Kc4 43. Kf3 Kb3 44. Kf4 Kxb2 45. Kf5 c5 46. Kg6 c4 47.
Kxg7 c3 48. Kxf6 c2 49. e4 c1=Q 50. e5 Qg5+ 51. Ke6 Qxg2 52. Kf7 Qxh3 53. e6 Kxa3
54. e7 Qh5+ 55. Kf8 a5 56. e8=Q Qxe8+ 0-1

[Event "POLFINALY MISTRZOSTW POLSKI JUNIOROW 2021 C-15"]
[Site "Jatrzebia Gora"]
[Date "1899-12-30"]
[Round "6.15"]
[White "Klisowski, Bartosz"]
[Black "Turowski, Maciej"]
[Result "0-1"]
[WhiteTitle "II+"]
[BlackTitle "II+"]
[WhiteElo "1392"]
[BlackElo "1540"]

1. Nf3 d5 2. g3 Nf6 3. Bg2 g6 4. O-O Bg7 5. d4 O-O 6. c4 e6 7. Nc3 b6 8. Bf4 Bb7
9. cxd5 Nxd5 10. Nxd5 Bxd5 11. Qc2 Na6 12. Rfd1 Rc8 13. Qa4 Bb7 14. Rac1 Qe7 15.
Ne5 c5 16. Bxb7 Qxb7 17. Qb5 Rfd8 18. dxc5 Nxc5 19. Nc4 Qa6 20. Qxa6 Nxa6 21.
b3 Nb4 22. a3 Nd5 23. Be5 b5 24. Bxg7 bxc4 25. bxc4 Kxg7 26. cxd5 Rxd5 27. Rxc8
Rxd1+ 28. Kg2 Ra1 29. Rc3 g5 30. e3 Kg6 31. Rb3 f5 32. Rc3 h5 33. Rb3 g4 34. Rc3
Kg5 35. Rc6 Rxa3 36. Rxe6 a5 37. Ra6 Ra1 38. Ra8 a4 39. Ra6 a3 40. Ra8 Kf6 41.
Ra6+ Ke5 42. Ra5+ Ke4 43. Ra8 Kd3 44. Ra5 Kc4 45. Rxf5 Rb1 46. Rxh5 a2 47. Ra5
a1=Q 48. Rxa1 Rxa1 49. h3 gxh3+ 50. Kxh3 Kd5 51. f3 Ra3 52. e4+ Ke5 53. Kg4 Rb3
54. f4+ Kxe4 55. Kh4 Kf5 56. Kh3 Rb2 57. Kh4 Rh2# 0-1

[Event "POLFINALY MISTRZOSTW POLSKI JUNIOROW 2021 C-15"]
[Site "Jatrzebia Gora"]
[Date "1899-12-30"]
[Round "6.16"]
[White "Jankowski, Franciszek"]
[Black "Pieczulis, Hubert"]
[Result "1/2-1/2"]
[WhiteTitle "II+"]
[BlackTitle "I"]
[WhiteElo "1522"]
[BlackElo "1379"]

1. d4 f5 2. g3 Nf6 3. Bg2 d6 4. Nf3 g6 5. O-O Bg7 6. c4 O-O 7. Nc3 c6 8. b3 Qe8
9. Bb2 Nbd7 10. d5 Nc5 11. Nd4 Bd7 12. Qc2 e5 13. dxe6 Nxe6 14. Nxe6 Bxe6 15.
Rad1 Qe7 16. Ba3 Rfd8 17. Qd3 Bf8 18. Rd2 Qf7 19. Qc2 Rd7 20. Rfd1 Rad8 21. Bb2
Bg7 22. e3 d5 23. c5 Ne4 24. Nxe4 dxe4 25. Bxg7 Qxg7 26. Rxd7 Rxd7 27. Bf1 Rxd1
28. Qxd1 Qd7 29. Qc2 Qf7 30. Qc3 a6 31. Qe5 Qd7 32. Qc3 1/2-1/2

[Event "POLFINALY MISTRZOSTW POLSKI JUNIOROW 2021 C-15"]
[Site "Jatrzebia Gora"]
[Date "1899-12-30"]
[Round "6.17"]
[White "Trochimczuk, Szymon"]
[Black "Dysko, Michal"]
[Result "1/2-1/2"]
[WhiteTitle "II+"]
[BlackTitle "II"]
[WhiteElo "1493"]
[BlackElo "1222"]

1. d4 d5 2. c4 dxc4 3. Nf3 Nf6 4. e3 c5 5. Bxc4 cxd4 6. exd4 Qc7 7. Qd3 e6 8. O-O
Nbd7 9. Nc3 Nb6 10. Bb3 Be7 11. Nb5 Qd8 12. Bf4 Nbd5 13. Bg3 a6 14. Nc3 O-O 15.
Na4 Bd7 16. Rfc1 Bb5 17. Qd1 Bxa4 18. Bxa4 b5 19. Bb3 Qb6 20. a3 Rfd8 21. Qd3
Nh5 22. Bc2 g6 23. Be5 Ng7 24. Qd2 f6 25. Bg3 Nh5 26. Re1 Nxg3 27. hxg3 f5 28.
Re2 Bf6 29. Bb3 Nc7 30. Rae1 Rd6 31. Qf4 Re8 32. g4 Nd5 33. Bxd5 Rxd5 34. gxf5
Rxf5 35. Qe4 Kf7 36. Ne5+ Bxe5 37. dxe5 Kg8 38. Rd1 Rd8 39. Rxd8+ Qxd8 40. g3
Qb6 41. Rd2 Rf8 42. Kg2 Rd8 43. Rxd8+ Qxd8 44. Qc6 Kf7 1/2-1/2

[Event "POLFINALY MISTRZOSTW POLSKI JUNIOROW 2021 C-15"]
[Site "Jatrzebia Gora"]
[Date "1899-12-30"]
[Round "6.18"]
[White "Fojcik, Kacper"]
[Black "Choina, Jan"]
[Result "1/2-1/2"]
[WhiteTitle "II"]
[BlackTitle "II"]
[WhiteElo "1345"]
[BlackElo "1485"]

1. d4 Nf6 2. Bf4 g6 3. Nf3 d6 4. e3 Bg7 5. h3 O-O 6. Nbd2 Re8 7. c3 Nc6 8. Bc4
e5 9. dxe5 Nxe5 10. Be2 Bf5 11. Nb3 h6 12. O-O Qe7 13. Nbd4 Be4 14. Bh2 g5 15.
Nxe5 dxe5 16. Nf3 Nd7 17. Qa4 Nc5 18. Qc4 c6 19. b4 Bxf3 20. Bxf3 e4 21. Qxc5
Qxc5 22. bxc5 exf3 23. gxf3 Be5 24. Rab1 Rab8 25. Rfd1 Bxh2+ 26. Kxh2 Re5 27.
Rd7 Rxc5 28. Rbxb7 Rxb7 29. Rxb7 Ra5 30. Rb2 Ra3 31. c4 Kg7 32. Kg3 Kf6 33. f4
Kf5 34. fxg5 hxg5 35. Kf3 f6 36. Rd2 Rc3 37. Ke4+ Ke5+ 1/2-1/2

[Event "POLFINALY MISTRZOSTW POLSKI JUNIOROW 2021 C-15"]
[Site "Jatrzebia Gora"]
[Date "1899-12-30"]
[Round "6.19"]
[White "Latacz, Grzegorz"]
[Black "Janusiewicz, Michal"]
[Result "0-1"]
[WhiteTitle "II"]
[BlackTitle "I"]
[WhiteElo "1446"]
[BlackElo "1361"]

1. d4 Nf6 2. c4 g6 3. Nc3 Bg7 4. e4 d6 5. Nf3 O-O 6. Be2 Nfd7 7. Be3 Nc6 8. O-O
e5 9. d5 Nb4 10. a3 Na6 11. b4 f5 12. Ng5 Nf6 13. c5 f4 14. Bxa6 bxa6 15. Bc1
h6 16. Nf3 g5 17. Nd2 Kh8 18. a4 Rg8 19. f3 Bf8 20. c6 Qe8 21. Qe1 Qh5 22. g4
Qh3 23. Rf2 Bxg4 24. Qf1 Qxf1+ 25. Rxf1 Bh3 26. Rf2 g4 27. Kh1 g3 28. hxg3 fxg3
29. Re2 Nh5 30. Nc4 Bf1 0-1

[Event "POLFINALY MISTRZOSTW POLSKI JUNIOROW 2021 C-15"]
[Site "Jatrzebia Gora"]
[Date "1899-12-30"]
[Round "6.20"]
[White "Bajer, Tomasz"]
[Black "Szymczyk, Antoni"]
[Result "1-0"]
[WhiteTitle "II"]
[BlackTitle "II"]
[WhiteElo "1308"]
[BlackElo "1424"]

1. e4 d6 2. d4 Nf6 3. f3 g6 4. c4 Bg7 5. Nc3 O-O 6. Be3 Nc6 7. Nge2 e5 8. d5 Ne7
9. Qd2 Nd7 10. g4 f5 11. gxf5 gxf5 12. Bh6 Ng6 13. Ng3 f4 14. Bxg7 Kxg7 15. Nf5+
Kh8 16. O-O-O Nb6 17. Bd3 Bxf5 18. exf5 Nh4 19. f6 Qxf6 20. Ne4 Qe7 21. Qf2 Rg8
22. Rdg1 a6 23. Rg4 Nf5 24. Rhg1 Ne3 25. Rg5 Nbxc4 26. Qh4 Rgf8 27. Qh3 Rad8 28.
Rh5 Rd7 29. Ng5 Rf7 30. Nxf7+ Qxf7 31. Rxh7+ 1-0

[Event "POLFINALY MISTRZOSTW POLSKI JUNIOROW 2021 C-15"]
[Site "Jatrzebia Gora"]
[Date "1899-12-30"]
[Round "6.22"]
[White "Marek, Grzegorz"]
[Black "Rzepka, Marcin"]
[Result "1-0"]
[WhiteTitle "II"]
[BlackTitle "II"]
[WhiteElo "1350"]
[BlackElo "1336"]

1. e4 c5 2. Nf3 Nc6 3. d4 cxd4 4. Nxd4 e6 5. Nc3 Qc7 6. Be3 Nf6 7. Bd3 a6 8. O-O
Bb4 9. f4 Bxc3 10. bxc3 d6 11. Qf3 O-O 12. Rae1 e5 13. Ne2 Ne7 14. fxe5 dxe5 15.
Bg5 Ne8 16. Qg3 f6 17. Bd2 Qb6+ 18. Rf2 Qe6 19. Ref1 b5 20. Nc1 Nd6 21. Nb3 Nc4
22. h3 Nxd2 23. Nxd2 Ng6 24. c4 Nf4 25. cxb5 Nxd3 26. cxd3 axb5 27. Nb3 Rd8 28.
Rxf6 Qe8 29. Rf8+ Qxf8 30. Rxf8+ Rxf8 31. Qxe5 Rxa2 32. Qxb5 Rff2 33. Qc4+ 1-0

[Event "POLFINALY MISTRZOSTW POLSKI JUNIOROW 2021 C-15"]
[Site "Jatrzebia Gora"]
[Date "1899-12-30"]
[Round "7.1"]
[White "Kotowicz, Kamil"]
[Black "Wydmanski, Szymon"]
[Result "1/2-1/2"]
[WhiteTitle "I"]
[BlackTitle "I"]
[WhiteElo "1765"]
[BlackElo "1735"]

1. d4 Nf6 2. Nf3 g6 3. c4 Bg7 4. Nc3 O-O 5. g3 d6 6. Bg2 c5 7. O-O cxd4 8. Nxd4
a6 9. b3 Qc7 10. Bb2 Nc6 11. Rc1 Nxd4 12. Qxd4 e6 13. Rfd1 Rd8 14. Ne4 Ne8 15.
Qd2 f5 16. Bxg7 Qxg7 17. Nc3 Rb8 18. c5 d5 19. Na4 Bd7 20. Nb6 Bc6 21. Qe3 Nc7
22. f4 d4 23. Qe5 Qxe5 24. fxe5 Bxg2 25. Kxg2 Nd5 26. Kf3 Nc3 27. Rd2 Ne4 28.
Rd3 Ng5+ 29. Kg2 Nf7 30. Rcd1 Nxe5 31. Rxd4 Nc6 32. Rd6 h6 33. h4 Rxd6 34. Rxd6
Rd8 35. Rxe6 Kf7 36. Re3 Rd2 37. a3 Nd4 38. Nc4 Rxe2+ 39. Rxe2 Nxe2 40. Nd6+ Ke6
41. Nxb7 Nd4 42. b4 Nc2 43. c6 Nxa3 44. c7 Kd7 45. Nc5+ Kxc7 46. Nxa6+ Kb6 47.
Nc5 Nc2 48. Nd3 g5 49. h5 Ne3+ 50. Kf3 Nd5 51. Ne5 Nf6 52. Nf7 Nxh5 53. Nxh6 1/2-1/2

[Event "POLFINALY MISTRZOSTW POLSKI JUNIOROW 2021 C-15"]
[Site "Jatrzebia Gora"]
[Date "1899-12-30"]
[Round "7.2"]
[White "Wilk, Igor"]
[Black "Pisarek, Jan"]
[Result "1/2-1/2"]
[WhiteTitle "I+"]
[BlackTitle "I"]
[WhiteElo "1712"]
[BlackElo "1583"]

1. e4 c5 2. Nf3 e6 3. d4 cxd4 4. Nxd4 Nf6 5. Nc3 Nc6 6. Ndb5 d6 7. Bf4 e5 8. Bg5
a6 9. Na3 b5 10. Nd5 Be7 11. Bxf6 Bxf6 12. c4 b4 13. Nc2 a5 14. g3 O-O 15. Bg2
Bb7 16. O-O g6 17. Qd3 Bg7 18. Rad1 Ra6 19. Nde3 Qb6 20. b3 Ne7 21. f4 Qc5 22.
Kh1 exf4 23. gxf4 f5 24. exf5 Bxg2+ 25. Kxg2 Nxf5 26. Nxf5 Qxf5 27. Qxf5 Rxf5
28. Ne3 Rf7 29. Nd5 Rb7 30. Rde1 Bd4 31. Re4 Bc5 32. f5 gxf5 33. Rxf5 Rg7+ 34.
Kf3 Ra8 35. Nf4 Rf7 36. Rxf7 Kxf7 37. Nd5 a4 38. Re7+ Kg6 39. bxa4 Rxa4 40. Re2
Ra3+ 41. Ke4 b3 42. axb3 Rxb3 43. Nf4+ Kf7 44. Nd5 Rh3 45. Rg2 Rh4+ 46. Kd3 Rh3+
47. Ke4 Rh4+ 1/2-1/2

[Event "POLFINALY MISTRZOSTW POLSKI JUNIOROW 2021 C-15"]
[Site "Jatrzebia Gora"]
[Date "1899-12-30"]
[Round "7.3"]
[White "Kusiak, Mateusz"]
[Black "Malinowski, Szymon"]
[Result "0-1"]
[WhiteTitle "I+"]
[BlackTitle "I"]
[WhiteElo "1755"]
[BlackElo "1601"]

1. e4 c6 2. d4 d5 3. Nd2 dxe4 4. Nxe4 Bf5 5. Ng3 Bg6 6. h4 h6 7. Nf3 Nf6 8. Ne5
Bh7 9. Bd3 Bxd3 10. Qxd3 e6 11. Bd2 Bd6 12. f4 Nbd7 13. O-O-O Qc7 14. Rhe1 Rf8
15. Nf5 exf5 16. Nxc6+ Ne4 17. Rxe4+ fxe4 18. Qxe4+ Ne5 19. Nxe5 Bxe5 20. fxe5
O-O-O 21. Bb4 Rfe8 22. Qg4+ Qd7 23. Qxg7 Rg8 24. Qxh6 Rxg2 25. Qe3 Kb8 26. Qe4
Qh3 27. Bd6+ Ka8 28. Qf4 Rdg8 29. c3 R2g4 30. Qd2 Qxh4 31. b3 Rg2 32. Qd3 Rxa2
33. c4 Rgg2 0-1

[Event "POLFINALY MISTRZOSTW POLSKI JUNIOROW 2021 C-15"]
[Site "Jatrzebia Gora"]
[Date "1899-12-30"]
[Round "7.4"]
[White "Trzebinski, Patryk"]
[Black "Goral, Jan"]
[Result "1-0"]
[WhiteTitle "I+"]
[BlackTitle "I"]
[WhiteElo "1767"]
[BlackElo "1672"]

1. e4 c5 2. Nf3 Nc6 3. d4 cxd4 4. Nxd4 e5 5. Nb5 d6 6. N1c3 a6 7. Na3 Be6 8. Nd5
Bxd5 9. exd5 Nce7 10. c4 Nf6 11. Qa4+ Nd7 12. Bd3 g6 13. Bg5 Bg7 14. c5 b5 15.
cxb6 O-O 16. Bxe7 Qxe7 17. O-O Nc5 18. Qc2 Qb7 19. Rfd1 Qxb6 20. Rab1 f5 21. b4
Nxd3 22. Qxd3 Rfc8 23. Nc4 Qc7 24. Na5 e4 25. Qe3 Qd7 26. Nc6 h6 27. a4 Kh7 28.
a5 Rxc6 29. dxc6 Qxc6 30. Qb6 Qxb6 31. axb6 Be5 32. Rbc1 Rb8 33. Rc7+ Bg7 34.
Rxd6 1-0

[Event "POLFINALY MISTRZOSTW POLSKI JUNIOROW 2021 C-15"]
[Site "Jatrzebia Gora"]
[Date "1899-12-30"]
[Round "7.5"]
[White "Wieckowski, Michal"]
[Black "Demski, Michal"]
[Result "1/2-1/2"]
[WhiteTitle "I"]
[BlackTitle "I+"]
[WhiteElo "1698"]
[BlackElo "1756"]

1. f4 d5 2. Nf3 Nf6 3. g3 c6 4. Bg2 Qb6 5. e3 g6 6. O-O Bg7 7. a4 a5 8. Nc3 O-O
9. Ra3 Nbd7 10. d4 Qc7 11. Ne5 Nb6 12. b3 Bf5 13. Ra1 h5 14. Ba3 Rfe8 15. Qd2
Nc8 16. h3 Nd6 17. Bxd6 exd6 18. Nd3 Qd7 19. Nf2 Re7 20. Rfe1 Rae8 21. Re2 Qc8
22. Rae1 Qd7 23. Kh2 Kh7 24. Bf3 b6 25. Kg2 Kg8 26. Kh2 Kh7 27. Kg2 Kg8 28. Kh2
Kh7 29. Kg2 Kg8 30. Kh2 Kh7 1/2-1/2

[Event "POLFINALY MISTRZOSTW POLSKI JUNIOROW 2021 C-15"]
[Site "Jatrzebia Gora"]
[Date "1899-12-30"]
[Round "7.6"]
[White "Jendrowiak, Maciej"]
[Black "Rzenca, Jerzy"]
[Result "1-0"]
[WhiteTitle "II+"]
[BlackTitle "I"]
[WhiteElo "1493"]
[BlackElo "1568"]

1. e4 c6 2. Nf3 d5 3. Nc3 Bg4 4. h3 Bxf3 5. Qxf3 e6 6. d3 Nf6 7. Qg3 Nbd7 8. a3
Qa5 9. Bd2 Qb6 10. Be2 Nc5 11. b4 Na6 12. O-O Rd8 13. Bf4 d4 14. Na2 Nd7 15. Rab1
f6 16. e5 Kf7 17. exf6 Nxf6 18. Rfe1 h5 19. Be5 Be7 20. Bf3 Rh6 21. Re2 c5 22.
b5 Rg8 23. Qg5 Nd5 24. Bxh5+ 1-0

[Event "POLFINALY MISTRZOSTW POLSKI JUNIOROW 2021 C-15"]
[Site "Jatrzebia Gora"]
[Date "1899-12-30"]
[Round "7.7"]
[White "Wesolek, Krzysztof"]
[Black "Szymkiewicz, Witold"]
[Result "1/2-1/2"]
[WhiteTitle "I"]
[BlackTitle "I"]
[WhiteElo "1570"]
[BlackElo "1552"]

1. e4 e6 2. d3 d5 3. Nd2 c5 4. g3 Nc6 5. Bg2 Nf6 6. Ngf3 Be7 7. O-O O-O 8. Re1
dxe4 9. dxe4 e5 10. c3 Qc7 11. Qc2 Rd8 12. Nf1 h6 13. Be3 Be6 14. b3 b5 15. N3d2
Rac8 16. f4 b4 17. Nc4 Bxc4 18. bxc4 Bd6 19. f5 bxc3 20. Qxc3 Be7 21. Bf2 Rb8
22. Ne3 Nd4 23. Nd5 Nxd5 24. cxd5 Qb6 25. Bxd4 cxd4 26. Qd3 Qb5 27. Bf1 Qxd3 28.
Bxd3 Bb4 29. Rec1 Bc3 30. Rab1 Rb6 31. Kf1 Kf8 32. Ke2 Ke7 33. Rxb6 axb6 34. Bc4
Rb8 35. Rb1 Kd6 36. Kd3 Ba5 37. Bb5 Bc3 38. Bc6 f6 39. a4 Kc7 40. Kc4 Rf8 41.
h3 Ba5 42. g4 Rb8 43. Rb2 Be1 44. Re2 Bh4 45. Ra2 Be1 46. Re2 Bh4 47. Rc2 Be1
48. Rb2 Rh8 49. Rb1 Bc3 1/2-1/2

[Event "POLFINALY MISTRZOSTW POLSKI JUNIOROW 2021 C-15"]
[Site "Jatrzebia Gora"]
[Date "1899-12-30"]
[Round "7.8"]
[White "Racis, Michal"]
[Black "Cieply, Krzysztof"]
[Result "1/2-1/2"]
[WhiteTitle "I"]
[BlackTitle "I"]
[WhiteElo "1820"]
[BlackElo "1487"]

1. d4 d5 2. Nf3 Nf6 3. c4 e6 4. Nc3 c6 5. g3 Be7 6. Bg2 O-O 7. O-O Nbd7 8. Re1
dxc4 9. a4 Bd6 10. Nd2 e5 11. Nxc4 Bc7 12. Be3 exd4 13. Qxd4 Nb6 14. Qxd8 Rxd8
15. Nxb6 Bxb6 16. Bxb6 axb6 17. b4 Be6 18. b5 Nd5 19. Nxd5 Bxd5 20. e4 Bb3 21.
bxc6 bxc6 22. Rab1 Bxa4 23. Rxb6 Rab8 24. Ra6 Bb5 25. Ra2 g6 26. Rc2 Rd4 27. e5
Ba4 28. Rcc1 Rb2 29. Bxc6 Bxc6 30. Rxc6 Rdd2 31. Rf6 Re2 32. Ra1 Rb7 33. Ra5 Re7
34. Rf3 1/2-1/2